Statistics for every NFL teams best players of all time

Click here to take the quiz!

General Stats

  • This quiz has been taken 38 times
    (21 since last reset)
  • The average score is 18 of 32

Answer Stats

teampositionAnswer% Correct
dolphinsQBDan Marino
89%
cardinalsWRLarry fitzgerald
89%
lionsRBBarry Sanders
84%
falconsCBDieon sanders
84%
saintsQBDrew brees
84%
coltsQBPeyton Manning
84%
ravensMLBRay Lewis
84%
49ersWRJerry Rice
79%
texansDEJ.J Watt
79%
broncosQBJohn Elway
79%
bearsRB
Walter payton
74%
brownsRBJim brown
74%
cowboysQBRoger staubach
74%
giantsOLBLawrence taylor
68%
packersQBBrett Farve
63%
billsDEBruce Smith
63%
ramsDEDeacon jones
58%
steelersDTjoe green
53%
chargersMLBJunior seau
53%
seahawksWRSteve largent
47%
eaglesDEReggie white
47%
bengalsOLAnthony munoz
42%
panthersDEJulius peppers
42%
commandersQB/DB/PSammy baugh
42%
chiefsDLDerrick thomas
37%
raidersRBMarcus allen
37%
bucsOLBDerrick brooks
32%
vikingsDTAllen page
21%
titansOLBruce matthews
21%
patsQBTom bray
21%
jetsWRDon maynard
11%
jagsOLTony boselli
11%

Score Distribution

Percentile by Number Answered

Percent of People with Each Score

Your Score History

You have not taken this quiz since the last reset